000 01486nam a2200373 a 4500
001 ebr10070709
003 CaPaEBR
006 m u
007 cr cn|||||||||
008 980526r20031999enk sb 001 0 eng
010 _z 98024529
020 _z0415118395 (hbk)
020 _z0415118409 (pbk.)
020 _z0203006534 (e-book)
040 _aCaPaEBR
_cCaPaEBR
035 _a(OCoLC)70755769
050 1 4 _aBR65.G76
_bM47 20039eb
082 0 4 _a270.2/092
_221
100 1 _aMeredith, Anthony.
245 1 0 _aGregory of Nyssa
_h[electronic resource] /
_cAnthony Meredith.
260 _aLondon ;
_aNew York :
_bRoutledge,
_c2003.
300 _aix, 166 p.
490 1 _aThe early church fathers
500 _aIncludes translations of selections of Gregory's writings, with notes, commentary, and introduction.
504 _aIncludes bibliographical references (p. 162-164) and index.
533 _aElectronic reproduction.
_bPalo Alto, Calif. :
_cebrary,
_d2009.
_nAvailable via World Wide Web.
_nAccess may be limited to ebrary affiliated libraries.
600 0 0 _aGregory,
_cof Nyssa, Saint,
_dca. 335-ca. 394.
650 0 _aTheology, Doctrinal.
655 7 _aElectronic books.
_2local
700 0 _aGregory,
_cof Nyssa, Saint,
_dca. 335-ca. 394.
_tSelections.
710 2 _aebrary, Inc.
830 0 _aEarly church fathers.
856 4 0 _uhttp://site.ebrary.com/lib/rucke/Doc?id=10070709
_zAn electronic book accessible through the World Wide Web; click to view
999 _c31519
_d31519